QUEST Central Library Banner

Advanced Structural Analysis (Record no. 13742)

MARC details
000 -LEADER
fixed length control field 00220nam a22001097a 4500
082 ## - DEWEY DECIMAL CLASSIFICATION NUMBER
Classification number 624.17TUM
100 ## - MAIN ENTRY--AUTHOR NAME
Personal name Tuma Jan.J.
245 ## - TITLE STATEMENT
Title Advanced Structural Analysis
260 ## - PUBLICATION, DISTRIBUTION, ETC. (IMPRINT)
Place of publication N.Y
Year of publication 1969
300 ## - PHYSICAL DESCRIPTION
Number of Pages 292
942 ## - ADDED ENTRY ELEMENTS (KOHA)
Koha item type Books
Holdings
Withdrawn status Lost status Home library Current library Date acquired Cost, normal purchase price Full call number Accession Number Koha item type
    Central Library, QUEST, Nawabshah Central Library, QUEST, Nawabshah 12/08/2015 252.00 624.17TUM 10665 Books
    Central Library, QUEST, Nawabshah Central Library, QUEST, Nawabshah 12/08/2015 252.00 624.17TUM 10667 Books
    Central Library, QUEST, Nawabshah Central Library, QUEST, Nawabshah 12/08/2015 252.00 624.17TUM 10668 Books
    Central Library, QUEST, Nawabshah Central Library, QUEST, Nawabshah 12/08/2015 252.00 624.17TUM 10669 Books
    Central Library, QUEST, Nawabshah Stacks area 12/08/2015 252.00 624.17TUM 10666 Books

Copyright © 2018,The QUEST, Nawabshah, Shaheed Benazirabad. All rights reserved
Mr. G. Farooq Channar (Librarian) QUEST, Nawabshah, Sindh, Pakistan 67480.
 Ph#: |   0244-9370381-4 Ext. 2308   Email| lib@quest.edu.pk   Web|  http://www.quest.edu.pk